O Capuchinho Vermelho (Registo nº 4625)

Detalhes MARC
000 -Etiqueta do registo
Cabeçalho 01042nam0a2200301 4500
005 - Identificador da versão
Campo de controlo 20240813122106.0
010 ## - Número internacional normalizado dos livros (ISBN)
Número (ISBN) 9724719464
021 ## - Número do Depósito Legal
Código do país PT
Número 163272/01
100 ## - Dados gerais de processamento
Dados gerais de processamento 20171113d2005 c y0pory5003 ba
102 ## - Pais de publicação ou produção
País de publicação Portugal
101 0# - Língua de publicação
Língua do texto, banda sonora, etc. Português
215 ## - Descrição física 
Indicação específica da natureza do documento e extensão da espécie 16 p.
Outras indicações físicas il. color
200 1# - Titulo e menção de responsabilidade
Título próprio O Capuchinho Vermelho
Primeira menção de responsabilidade Belmira Ferreira, Rosa Fonseca
Outras menções de responsabilidade il. António Salvador
225 1# - Colecção 
Título próprio da colecção Contos de apoio à leitura e à escrita
Informação de outro título da colecção  livros auxiliares para 1º ciclo do ensino básico
-- letras tratadas: vogais
Nome de uma parte ou secção Júnior
Indicação de volume 1
205 ## - Menção da edição
Menção da edição 1º ed
210 ## - Publicação, Distribuição, etc. 
Lugar da edição, distribuição, etc. Lisboa
Nome do editor, distribuidor, etc. Texto Ed.
Data da publicação, distribuição, etc. 2005
606 ## - Nome comum usado como assunto
Número de registo de entrada de autoridade 0001335
Palavra de ordem Literatura portuguesa
Subdivisão de assunto Conto
Código do sistema CA
Número de registo de entrada de autoridade 0001338
Palavra de ordem Língua portuguesa
Subdivisão de assunto Ensino- Manuais
Código do sistema CA
675 ## - Classificação Decimal Universal (CDU)
Notação 811.134.3(075)
Edição 3ª ed.
Língua da edição por
Notação 821.134.3-34
Edição 3ª ed.
Língua da edição por
702 #1 - Nome de autor-pessoa física (responsabilidade secundária)
Número de registo de entrada de autoridade 0000153
Palavra de ordem Salvador
Outra parte do nome não tomada para palavra de ordem António
Código de função Ilustrador / Técnico de desenho computorizado
701 #1 - Nome de autor-pessoa física (co-responsabilidade principal)
Palavra de ordem Fonseca
Outra parte do nome não tomada para palavra de ordem Rosa
Elementos de identificação ou distinção e outro
Código de função Autor / Co-autor
700 #1 - Nome de autor-pessoa física (responsabilidade principal)
Número de registo de entrada de autoridade 0001348
Palavra de ordem Ferreira
Outra parte do nome não tomada para palavra de ordem Belmira
Elementos de identificação ou distinção e outro
966 ## - Identificação da Biblioteca
Sigla EBVEN
942 ## - Elementos de entrada adicionados (Koha)
Tipo de item no Koha Livro
Exemplares
Situação do levantamento Origin of item (home branch) (coded) Biblioteca de empréstimo Código de barras Cota Circulation type (not for loan) Tipo de documento Nota do exemplar Damaged status
  Biblioteca Escolar das Vendas Biblioteca Escolar das Vendas BEV1599 8POR CAP   Livro Sem mensagem